El estilo McDonald's: métodos para conectar con el consumidor
Shranjeno v:
| Main Authors: | , , |
|---|---|
| Format: | Knjiga |
| Jezik: | španščina |
| Izdano: |
Barcelona
Deusto
2007
|
| Serija: | Grandes Casos Empresariales
|
| Teme: | |
| Oznake: |
Označite
Brez oznak, prvi označite!
|
MARC
| LEADER | 00000cam a2200000 a 4500 | ||
|---|---|---|---|
| 001 | UCG0662 | ||
| 003 | CL-VaPUC | ||
| 005 | 20230601074028.0 | ||
| 008 | 100401e20070000SP |||||||||||||||||spa|d | ||
| 999 | |c 340221 |d 340219 | ||
| 020 | |a 9788423424801 | ||
| 040 | |c Pontificia Universidad Católica de Valparaíso | ||
| 082 | 0 | 4 | |a 658.8101 |b NOR |2 21 |
| 100 | |a Noren. D. L. |e autor |9 548143 | ||
| 245 | 1 | 3 | |a El estilo McDonald's: métodos para conectar con el consumidor |
| 260 | |a Barcelona |b Deusto |c 2007 | ||
| 300 | |a 191 p | ||
| 490 | 0 | |a Grandes Casos Empresariales | |
| 583 | |a last modification |c 20151103 11:50:24 |k Rodrigo Vera | ||
| 600 | 0 | 7 | |a MCDONALD'S |2 CL-VaPUC |9 548145 |
| 650 | 0 | |a Exito en los negocios |9 271740 | |
| 650 | 0 | |a Planificación estratégica |9 259735 | |
| 650 | 0 | |a Administración industrial |9 259466 | |
| 650 | 0 | |a Marketing |9 259324 | |
| 650 | 0 | |a Cambio organizacional |9 260741 | |
| 650 | 0 | |a Industria alimentaria |9 331702 | |
| 700 | 0 | |a Bryman, Alan |e author |9 300 | |
| 700 | 0 | |a Stillman, Todd |e author |9 548144 | |
| 942 | |c BK |2 ddc | ||
| 945 | |d 20100401 00:00:00 |a rbrito | ||
| 952 | |0 0 |1 0 |4 0 |6 658_810100000000000_NOR_2007 |7 0 |8 A |9 434779 |a BIBGIM |b BIBGIM |d 2019-11-22 |i 4655753 |o 658.8101 NOR 2007 |p 4655753 |r 2025-01-15 |w 2019-11-22 |y BK |k COM | ||
| 952 | |0 0 |1 0 |4 0 |6 658_810100000000000_NOR_2007 |7 0 |8 A |9 434780 |a BIBGIM |b BIBGIM |d 2019-11-22 |i 4674588 |o 658.8101 NOR 2007 |p 4674588 |r 2025-01-15 |w 2019-11-22 |y BK |k COM | ||
| 952 | |0 0 |1 0 |4 0 |6 658_810100000000000_NOR_2007 |7 0 |8 A |9 434781 |a BIBGIM |b BIBGIM |d 2019-11-22 |i 4674596 |o 658.8101 NOR 2007 |p 4674596 |r 2025-01-15 |w 2019-11-22 |y BK |k COM | ||
| 952 | |0 0 |1 0 |4 0 |6 658_810100000000000_NOR_2007 |7 0 |8 A |9 434782 |a BIBCUR |b BIBCUR |d 2019-11-22 |i 4683048 |o 658.8101 NOR 2007 |p 4683048 |r 2025-04-22 |w 2019-11-22 |y BK |k PER | ||
| 952 | |0 0 |1 0 |3 erd |4 0 |6 658_810100000000000_NOR_2007 |7 0 |8 A |9 434783 |a BIBENE |b BIBENE |i 5247454 |l 1 |o 658.8101 NOR 2007 |p 5247454 |r 2025-01-15 |s 2024-08-20 |w 2019-11-22 |y BK |z Catalogado en:20151106 |k ICO | ||